000 00271nam a2200109Ia 4500
008 190913s9999||||xx |||||||||||||| ||und||
100 _aSteven Holzner
245 0 _aVisual Basic 6 Programmeing black book
260 _aNew Delhi
_bBPB
_c2000
300 _a617
942 _cBK
999 _c7936
_d7936